[Event "Rated Blitz game"]
[Site "?"]
[Date "2021.10.20"]
[Round "?"]
[White "Frogkiller"]
[Black "barry-allen"]
[Result "0-1"]
[WhiteElo "2529"]
[BlackElo "2375"]
[PlyCount "80"]
[EventDate "2021.??.??"]
[EventType "blitz"]

1. e4 e5 2. Nf3 d5 3. d4 dxe4 4. Nxe5 Bd6 5. Nc4 Nf6 6. Nc3 O-O 7. Bh6 gxh6 8.
Be2 Bf5 9. Qd2 Kg7 10. g4 Bg6 11. g5 hxg5 12. Qxg5 h6 13. Qd2 Nc6 14. h4 h5 15.
Rg1 Bb4 16. O-O-O Nd5 17. Bxh5 Bxc3 18. bxc3 Qxh4 19. Bxg6 fxg6 20. Ne3 Rxf2
21. Nxd5 Rxd2 22. Rxd2 Re8 23. Rdg2 Qh6+ 24. Kb1 e3 25. Re2 Qh5 26. Nf4 Qf3 27.
Rxg6+ Kf7 28. Reg2 Qxf4 29. Rg7+ Ke6 30. c4 Nxd4 31. R2g6+ Ke5 32. Rxc7 Ke4 33.
Rxb7 Kf3 34. Rgg7 e2 35. Rbf7 e1=Q+ 36. Kb2 Qec1+ 37. Kc3 Qxc2+ 38. Kb4 Rb8+
39. Kc5 Ne6+ 40. Kd5 Qce4# {Normal} 0-1

[Event "Rated Blitz game"]
[Site "?"]
[Date "2021.10.20"]
[Round "?"]
[White "DanOF"]
[Black "RCompany_1"]
[Result "0-1"]
[WhiteElo "2472"]
[BlackElo "2446"]
[PlyCount "71"]
[EventDate "2021.??.??"]
[EventType "blitz"]

1. e4 e5 2. Nf3 d5 3. exd5 e4 4. Ne5 Qxd5 5. d4 exd3 6. Nxd3 Nc6 7. Be2 Bf5 8.
O-O O-O-O 9. Nc3 Qa5 10. Bd2 Nf6 11. a3 Nd4 12. b4 Qa6 13. b5 Qd6 14. Be3 Nxe2+
15. Qxe2 Bxd3 16. cxd3 Qxd3 17. Qb2 Bd6 18. Rfd1 Qg6 19. a4 Ng4 20. a5 Bxh2+
21. Kf1 Nxe3+ 22. fxe3 Qf6+ 23. Ke2 Rhe8 24. b6 cxb6 25. axb6 a6 26. Qb4 Qe5
27. Rxd8+ Rxd8 28. Rc1 Kb8 29. Qh4 Re8 30. Nd5 Qb2+ 31. Kf3 Qxc1 32. Qxh2+ Kc8
33. Qh3+ Re6 34. Nf4 Qxe3+ 35. Kg4 Qxh3+ 36. gxh3 {Normal} 0-1

[Event "Rated Blitz game"]
[Site "?"]
[Date "2021.10.20"]
[Round "?"]
[White "bahneh"]
[Black "Veronica_Mars"]
[Result "0-1"]
[WhiteElo "2420"]
[BlackElo "2466"]
[PlyCount "114"]
[EventDate "2021.??.??"]
[EventType "blitz"]

1. e4 e5 2. Nf3 d5 3. Nxe5 Bd6 4. d4 dxe4 5. Nc4 Nf6 6. Be2 Nc6 7. O-O Nxd4 8.
Nxd6+ Qxd6 9. Bc4 O-O 10. h3 Be6 11. Bxe6 Nxe6 12. Be3 Qxd1 13. Rxd1 a6 14. Nc3
Rfd8 15. g4 h6 16. Kg2 Kf8 17. Kg3 Ke7 18. h4 g5 19. hxg5 hxg5 20. Re1 Rh8 21.
Rh1 Rad8 22. Rae1 b5 23. a3 c6 24. Bc1 Rxh1 25. Rxh1 a5 26. Re1 Rd4 27. Be3 Rc4
28. Bd2 b4 29. axb4 axb4 30. Na4 c5 31. c3 bxc3 32. Nxc3 Rd4 33. Be3 Rb4 34.
Ra1 Rxb2 35. Ra7+ Kf8 36. Na4 Rb3 37. Kg2 Nxg4 38. Bxc5+ Nxc5 39. Nxc5 Rb2 40.
Nxe4 f5 41. Nxg5 Rxf2+ 42. Kg3 Rb2 43. Ra8+ Kg7 44. Ra4 Kg6 45. Ne6 Kf6 46. Nf4
Rb3+ 47. Kh4 Nf2 48. Nh5+ Ke5 49. Kg5 Ne4+ 50. Kh4 Rb1 51. Ra5+ Ke6 52. Ra6+
Kf7 53. Kh3 Rh1+ 54. Kg2 Rxh5 55. Kf3 Nf6 56. Kf4 Kg6 57. Ke5 Kg5 {Time forfeit
} 0-1

[Event "Rated Blitz game"]
[Site "?"]
[Date "2021.10.20"]
[Round "?"]
[White "AndreyNeves"]
[Black "batalla2"]
[Result "0-1"]
[WhiteElo "2387"]
[BlackElo "2446"]
[PlyCount "40"]
[EventDate "2021.??.??"]
[EventType "blitz"]

1. e4 e5 2. Nf3 d5 3. exd5 Bd6 4. Bb5+ c6 5. dxc6 bxc6 6. Bc4 Nf6 7. O-O e4 8.
Re1 O-O 9. Ng5 Bxh2+ 10. Kf1 Bf5 11. Nc3 Qd4 12. Bb3 h6 13. Nxf7 Rxf7 14. Bxf7+
Kxf7 15. Qe2 Bg4 16. Qe3 Qe5 17. Nxe4 Nbd7 18. Nxf6 Qxf6 19. d3 g5 20. Bd2 Bf4
{Normal} 0-1

[Event "Rated Blitz game"]
[Site "?"]
[Date "2021.10.20"]
[Round "?"]
[White "RoyZet"]
[Black "Engvangchess"]
[Result "1-0"]
[WhiteElo "2457"]
[BlackElo "2353"]
[PlyCount "87"]
[EventDate "2021.??.??"]
[EventType "blitz"]

1. e4 e5 2. Nf3 d5 3. exd5 Bd6 4. d4 e4 5. Ne5 Nf6 6. c4 c5 7. dxc6 Bxe5 8.
cxb7 Bxb7 9. dxe5 Qxd1+ 10. Kxd1 Ng4 11. Ke1 O-O 12. Bf4 Nc6 13. Be2 Ngxe5 14.
Bxe5 Nxe5 15. Nc3 e3 16. fxe3 Bxg2 17. Rg1 Bf3 18. b3 Rad8 19. Rg3 Bxe2 20.
Kxe2 f6 21. Nd5 Kf7 22. Rf1 Rfe8 23. Rf4 Ng6 24. Rd4 Re5 25. Kd2 Rh5 26. h3 Ne5
27. Nf4 Rxd4+ 28. exd4 Rg5 29. Rxg5 Nf3+ 30. Ke3 Nxg5 31. h4 Ne6 32. Nxe6 Kxe6
33. d5+ Ke5 34. b4 h5 35. b5 g5 36. hxg5 fxg5 37. Kf3 Kd6 38. a4 Kc5 39. a5 h4
40. Kg4 Kd6 41. b6 axb6 42. a6 Kc7 43. a7 Kb7 44. d6 {Normal} 1-0

[Event "Rated Blitz tournament tZM7B2tM"]
[Site "?"]
[Date "2021.10.20"]
[Round "?"]
[White "rizkyezzar"]
[Black "KillJoy_BKD"]
[Result "1-0"]
[WhiteElo "2397"]
[BlackElo "2426"]
[PlyCount "65"]
[EventDate "2021.??.??"]
[EventType "blitz"]

1. e4 e5 2. Nf3 d5 3. Nxe5 Bd6 4. d4 dxe4 5. Nc4 Be7 6. Nc3 Nf6 7. Bg5 Bf5 8.
Ne3 Bg6 9. Bc4 O-O 10. Qd2 Nc6 11. Rd1 Qd7 12. O-O Rad8 13. Ne2 h6 14. Bh4 Nb4
15. Nf4 Bh7 16. a3 Nc6 17. Ne2 Ng4 18. Bg3 Kh8 19. c3 Nxe3 20. fxe3 f5 21. Nf4
Rf6 22. Nd5 Rff8 23. Nxc7 Bd6 24. Ne6 Bxg3 25. hxg3 Qd6 26. Nxf8 Rxf8 27. Qf2
g5 28. Ba2 Bg6 29. c4 Bh5 30. Rd2 Bg4 31. b4 Ne7 32. c5 Qg6 33. d5 {Normal} 1-0

[Event "Rated Blitz tournament tZM7B2tM"]
[Site "?"]
[Date "2021.10.20"]
[Round "?"]
[White "Danimgr"]
[Black "rizkyezzar"]
[Result "0-1"]
[WhiteElo "2244"]
[BlackElo "2400"]
[PlyCount "72"]
[EventDate "2021.??.??"]
[EventType "blitz"]

1. e4 e5 2. Nf3 d5 3. Bd3 Nf6 4. Nc3 Bg4 5. O-O Nc6 6. h3 Bxf3 7. Qxf3 Nd4 8.
Qd1 dxe4 9. Nxe4 Qd7 10. Re1 O-O-O 11. Bc4 Nxe4 12. Rxe4 Bd6 13. d3 f5 14. Re1
Kb8 15. c3 Nc6 16. b4 e4 17. d4 h6 18. a4 g5 19. a5 Ne7 20. f3 Bg3 21. Re2 exf3
22. gxf3 Nd5 23. Qc2 f4 24. Kg2 Rhe8 25. Re4 Nf6 26. Bd2 Nxe4 27. fxe4 g4 28.
Rh1 h5 29. d5 Qd6 30. Bb5 f3+ 31. Kf1 Rg8 32. c4 Qf6 33. Bc3 Be5 34. Bxe5 Qxe5
35. a6 g3 36. axb7 Qa1+ {Normal} 0-1

[Event "Rated Blitz game"]
[Site "?"]
[Date "2021.10.20"]
[Round "?"]
[White "Quaritch79"]
[Black "barry-allen"]
[Result "0-1"]
[WhiteElo "2414"]
[BlackElo "2357"]
[PlyCount "70"]
[EventDate "2021.??.??"]
[EventType "blitz"]

1. e4 e5 2. Nf3 d5 3. exd5 e4 4. Nd4 Qxd5 5. Nb3 Nf6 6. Nc3 Qe5 7. Bc4 Bd6 8.
h3 O-O 9. Qe2 Nc6 10. Qe3 a5 11. a4 Nb4 12. Kd1 Bf5 13. Nb5 Rad8 14. Nxd6 cxd6
15. Qd4 Qe7 16. c3 Nd3 17. Bxd3 exd3 18. Re1 Qc7 19. g4 Bg6 20. f4 h6 21. f5
Bh7 22. Qxd3 Nd7 23. Kc2 Ne5 24. Qd5 g6 25. d4 Nc6 26. Kb1 gxf5 27. gxf5 Ne7
28. Qg2+ Kh8 29. Bxh6 Nxf5 30. Qg5 Nxh6+ 31. Ka2 Nf5 32. Qf6+ Ng7 33. Rg1 Bg6
34. h4 Qc4 35. h5 Qxa4# {Normal} 0-1

[Event "Rated Blitz game"]
[Site "?"]
[Date "2021.10.20"]
[Round "?"]
[White "PimponNicois"]
[Black "Benny_Watts_2005"]
[Result "0-1"]
[WhiteElo "2450"]
[BlackElo "2412"]
[PlyCount "122"]
[EventDate "2021.??.??"]
[EventType "blitz"]

1. e4 e5 2. Nf3 d5 3. exd5 e4 4. Qe2 Nf6 5. d3 Qxd5 6. Nbd2 Nc6 7. dxe4 Qc5 8.
Nb3 Qb4+ 9. Nbd2 Be6 10. c3 Qa5 11. Qb5 O-O-O 12. Qxa5 Nxa5 13. Nd4 Bd7 14. f3
Bc5 15. N2b3 Nxb3 16. Nxb3 Bb6 17. Bc4 Rhe8 18. Bxf7 Re7 19. Bc4 Nxe4 20. Kf1
Nf2 21. Bg5 Nxh1 22. Bxe7 Re8 23. Bh4 g5 24. Bxg5 Re5 25. Bh4 Rh5 26. g3 Bh3+
27. Ke2 Re5+ 28. Kd2 Be3+ 29. Kc2 Bf5+ 30. Bd3 Bxd3+ 31. Kxd3 Nf2+ 32. Kc2 Rd5
33. Re1 Bh6 34. Re8+ Kd7 35. Rd8+ Kc6 36. Rxd5 Kxd5 37. g4 Nh3 38. Kd3 Ng1 39.
f4 Bxf4 40. Bg3 Bxg3 41. hxg3 Nf3 42. Nd2 Ne5+ 43. Ke2 Nxg4 44. Kf3 Ne5+ 45.
Ke2 h5 46. b3 b5 47. Nf3 Ng4 48. Nh4 c5 49. Ng6 a5 50. Nf4+ Ke4 51. Nxh5 c4 52.
Nf4 b4 53. bxc4 bxc3 54. Nd5 c2 55. Kd2 Kd4 56. Kxc2 Kxc4 57. Ne7 a4 58. Nf5
Kd5 59. Kd3 Ne5+ 60. Ke2 Kc4 61. Ne3+ Kc3 {Time forfeit} 0-1

[Event "Rated Blitz game"]
[Site "?"]
[Date "2021.10.20"]
[Round "?"]
[White "Tintyn"]
[Black "ahoramahora"]
[Result "1-0"]
[WhiteElo "2453"]
[BlackElo "2410"]
[PlyCount "41"]
[EventDate "2021.??.??"]
[EventType "blitz"]

1. e4 e5 2. Nf3 d5 3. exd5 e4 4. Qe2 Nf6 5. Nc3 Be7 6. Nxe4 O-O 7. d3 Qxd5 8.
Bd2 Nc6 9. c4 Qh5 10. Ng3 Qg6 11. O-O-O Bg4 12. Bc3 Rfe8 13. Qd2 Rad8 14. Be2
Bc5 15. Nh4 Bxe2 16. Nxg6 Bxd1 17. Bxf6 gxf6 18. Nh4 Bg4 19. Nhf5 Nd4 20. Nh6+
Kg7 21. Nxg4 {Normal} 1-0

[Event "Rated Blitz tournament iWxVWip4"]
[Site "?"]
[Date "2021.10.20"]
[Round "?"]
[White "Tactics87421"]
[Black "Razario90"]
[Result "0-1"]
[WhiteElo "2404"]
[BlackElo "2377"]
[PlyCount "58"]
[EventDate "2021.??.??"]
[EventType "blitz"]

1. e4 e5 2. Nf3 d5 3. Nxe5 dxe4 4. d4 Bd6 5. Nc4 Nf6 6. Nc3 O-O 7. Bg5 Re8 8.
Qd2 Nc6 9. O-O-O h6 10. Bh4 Bg4 11. Be2 Bxe2 12. Qxe2 Bb4 13. Qe3 Bxc3 14. Qxc3
g5 15. Bg3 Nd5 16. Qd2 b5 17. Ne3 Nxe3 18. fxe3 Qd5 19. Kb1 a5 20. h4 g4 21. c3
h5 22. Rhf1 b4 23. Rc1 bxc3 24. Qxc3 Nb4 25. b3 Nd3 26. Rc2 a4 27. Qc4 axb3 28.
Qxd5 bxc2+ 29. Kxc2 Nb4+ {Normal} 0-1

[Event "Rated Blitz game"]
[Site "?"]
[Date "2021.10.20"]
[Round "?"]
[White "chessworld40"]
[Black "rubengilmondelo64"]
[Result "1-0"]
[WhiteElo "2407"]
[BlackElo "2257"]
[PlyCount "55"]
[EventDate "2021.??.??"]
[EventType "blitz"]

1. e4 e5 2. Nf3 d5 3. Nxe5 Bd6 4. d4 dxe4 5. Nc4 Nf6 6. Be2 O-O 7. O-O Bf5 8.
Ne3 Bg6 9. c4 Nc6 10. Nc3 Nxd4 11. Ncd5 Nxe2+ 12. Qxe2 Re8 13. Rd1 c6 14. Nxf6+
Qxf6 15. Bd2 Rad8 16. Bc3 Qh4 17. g3 Qg5 18. b3 Bh5 19. g4 f5 20. h3 fxg4 21.
hxg4 Rf8 22. Rxd6 Rxd6 23. Rd1 Rxd1+ 24. Qxd1 Bf7 25. Qd7 h5 26. Kg2 hxg4 27.
Kg3 Qe5+ 28. Bxe5 {Normal} 1-0

[Event "Rated Blitz game"]
[Site "?"]
[Date "2021.10.20"]
[Round "?"]
[White "Tuzibaba"]
[Black "RiskyBlitzer"]
[Result "1-0"]
[WhiteElo "2554"]
[BlackElo "2540"]
[PlyCount "131"]
[EventDate "2021.??.??"]
[EventType "blitz"]

1. e4 e5 2. Nf3 d5 3. exd5 e4 4. Qe2 Nf6 5. d3 Be7 6. dxe4 O-O 7. Nbd2 Re8 8.
Qd3 Bb4 9. c3 Nxe4 10. Nxe4 f5 11. Nfd2 fxe4 12. Nxe4 Qh4 13. cxb4 Bf5 14. Be3
Rxe4 15. g3 Qe7 16. d6 Qxd6 17. Qxd6 cxd6 18. a3 Re5 19. Bg2 Nc6 20. O-O a5 21.
b5 Rxb5 22. b3 Be6 23. Rfd1 Bxb3 24. Rxd6 Bf7 25. Rd7 Ne5 26. Rxb7 Rxb7 27.
Bxb7 Rb8 28. Be4 Nc4 29. Bf4 Re8 30. Bc6 Rc8 31. Bd7 Rd8 32. Bb5 Nd2 33. Bxd2
Rxd2 34. Rc1 h6 35. Rc8+ Kh7 36. h4 Bd5 37. g4 Rd4 38. Be2 Re4 39. Kf1 Ra4 40.
Rc3 Be6 41. f3 g5 42. h5 Kg7 43. Kf2 Kf6 44. Bd3 Rd4 45. Be4 a4 46. Ke3 Rd6 47.
Rc5 Rb6 48. Bf5 Rb3+ 49. Ke4 Bf7 50. Rc6+ Kg7 51. Rc7 Rxa3 52. Be6 Kf6 53. Bxf7
Ra1 54. Ke3 Re1+ 55. Kf2 Re7 56. Kg3 Rxf7 57. Rc6+ Kg7 58. Ra6 Rf6 59. Ra7+ Rf7
60. Rxa4 Rxf3+ 61. Kxf3 Kf6 62. Ke4 Ke7 63. Ra6 Kd7 64. Kf5 Kc7 65. Kg6 Kb7 66.
Kxh6 {Time forfeit} 1-0

[Event "Rated Blitz game"]
[Site "?"]
[Date "2021.10.20"]
[Round "?"]
[White "Druida78"]
[Black "barry-allen"]
[Result "1-0"]
[WhiteElo "2429"]
[BlackElo "2354"]
[PlyCount "43"]
[EventDate "2021.??.??"]
[EventType "blitz"]

1. e4 e5 2. Nf3 d5 3. Nxe5 Bd6 4. d4 Bxe5 5. dxe5 dxe4 6. Qxd8+ Kxd8 7. Nc3 Nc6
8. Bf4 Be6 9. Nxe4 Nge7 10. O-O-O+ Kc8 11. Nc5 Ng6 12. Bg3 Ngxe5 13. Nxe6 fxe6
14. Be2 Ng6 15. Rhe1 h5 16. h4 e5 17. Bd3 Nf4 18. Bf5+ Kb8 19. Rd7 g6 20. Be4
Re8 21. Bxc6 bxc6 22. Bxf4 {Normal} 1-0

[Event "Titled Tuesday 19th Oct"]
[Site "chess.com INT"]
[Date "2021.10.19"]
[Round "5"]
[White "Nguyen, Hong Nhung"]
[Black "Christensen, Thom2"]
[Result "1-0"]
[WhiteElo "1697"]
[BlackElo "2154"]
[PlyCount "57"]
[EventDate "2021.10.19"]
[SourceTitle "The Week in Chess 1407"]
[Source "Mark Crowther"]
[SourceDate "2021.10.25"]
[SourceVersion "1"]
[SourceVersionDate "2021.10.25"]
[SourceQuality "2"]

1. e4 e5 2. Nf3 d5 3. exd5 e4 4. Qe2 Nf6 5. Nc3 Be7 6. Nd4 Nxd5 7. Qxe4 Nxc3 8.
dxc3 O-O 9. Bd3 f5 10. Qf3 Nc6 11. Nxc6 bxc6 12. Qxc6 Rb8 13. O-O Bb7 14. Qe6+
Kh8 15. Bf4 Rf6 16. Qc4 Bd6 17. Bxd6 Qxd6 18. Rad1 Rh6 19. f4 Qg6 20. Rd2 Qh5
21. h3 Rg6 22. Qxc7 Rf8 23. Qxb7 Qxh3 24. Qf3 Rg3 25. Bxf5 Qh4 26. Qf2 Rxf5 27.
Qxg3 Qe7 28. Re1 Qc7 29. Re8+ 1-0

[Event "Titled Tuesday 19th Oct"]
[Site "chess.com INT"]
[Date "2021.10.19"]
[Round "4"]
[White "Darmanin, Jake"]
[Black "Mikhailovsky, Vladimir"]
[Result "0-1"]
[WhiteElo "2106"]
[BlackElo "2184"]
[PlyCount "54"]
[EventDate "2021.10.19"]
[SourceTitle "The Week in Chess 1407"]
[Source "Mark Crowther"]
[SourceDate "2021.10.25"]
[SourceVersion "1"]
[SourceVersionDate "2021.10.25"]
[SourceQuality "2"]

1. e4 e5 2. Nf3 d5 3. Nxe5 Bd6 4. d4 dxe4 5. Nc4 Nf6 6. Nxd6+ Qxd6 7. Be2 O-O
8. O-O Rd8 9. c3 c5 10. dxc5 Qc7 11. Qa4 Nbd7 12. b4 Ne5 13. Rd1 Bg4 14. Qc2
Rxd1+ 15. Bxd1 Rd8 16. Nd2 Bxd1 17. Qxd1 Nfg4 18. g3 Nf3+ 19. Kg2 Nh4+ 20. Kg1
Nf3+ 21. Kg2 Qd7 22. Qe2 Nxd2 23. Bxd2 Qxd2 24. Qxg4 e3 25. Qf4 Qxc3 26. Rd1
Re8 27. Re1 Qxe1 0-1

[Event "Titled Tuesday 19th Oct"]
[Site "chess.com INT"]
[Date "2021.10.19"]
[Round "4"]
[White "Arencibia, A."]
[Black "Christensen, Thom2"]
[Result "1-0"]
[WhiteElo "2133"]
[BlackElo "2154"]
[PlyCount "69"]
[EventDate "2021.10.19"]
[SourceTitle "The Week in Chess 1407"]
[Source "Mark Crowther"]
[SourceDate "2021.10.25"]
[SourceVersion "1"]
[SourceVersionDate "2021.10.25"]
[SourceQuality "2"]

1. e4 e5 2. Nf3 d5 3. Nxe5 Bd6 4. Nxf7 Kxf7 5. Qh5+ Kf8 6. Qxd5 Nf6 7. Qg5 h6
8. Qe3 Qe7 9. Nc3 Nc6 10. d4 Bb4 11. Bd3 Bg4 12. Bd2 Bxc3 13. Bxc3 Bh5 14. O-O
Rd8 15. h3 Bf7 16. f4 Qd7 17. d5 Ne7 18. Rad1 c6 19. d6 Nc8 20. e5 Nd5 21. Qe1
Nxc3 22. bxc3 Be6 23. f5 Bd5 24. c4 Bg8 25. c5 Bd5 26. e6 Qe8 27. c4 Nxd6 28.
cxd6 Rxd6 29. cxd5 Rxd5 30. Kh1 Qe7 31. Bc4 Rxd1 32. Qxd1 Kg8 33. f6 gxf6 34.
Qg4+ Kh7 35. Bd3+ 1-0

[Event "Rated Blitz game"]
[Site "?"]
[Date "2021.10.19"]
[Round "?"]
[White "Levchik_ne_xodit"]
[Black "Annali-annaliew1979"]
[Result "1-0"]
[WhiteElo "2498"]
[BlackElo "2463"]
[PlyCount "97"]
[EventDate "2021.??.??"]
[EventType "blitz"]

1. e4 e5 2. Nf3 d5 3. exd5 e4 4. Qe2 f5 5. d3 Nf6 6. Nc3 Bb4 7. Bd2 Bxc3 8.
Bxc3 O-O 9. dxe4 Nxe4 10. Bd4 c5 11. dxc6 Nxc6 12. O-O-O Nxd4 13. Nxd4 Qb6 14.
f3 Nf6 15. Qb5 Bd7 16. Qxb6 axb6 17. c3 Kh8 18. Bc4 g6 19. Rhe1 Rae8 20. Ne6
Bxe6 21. Bxe6 Kg7 22. Bb3 h5 23. h4 b5 24. Kd2 Rd8+ 25. Ke2 Rfe8+ 26. Kf2 b6
27. Rxd8 Rxd8 28. Re7+ Kh6 29. Re6 Nd5 30. Bxd5 Rxd5 31. Ke2 b4 32. cxb4 b5 33.
Rc6 Rd4 34. a3 Rxh4 35. Rc5 Rh2 36. Kf2 f4 37. Kg1 Rh4 38. Rxb5 g5 39. a4 g4
40. a5 gxf3 41. gxf3 Rh3 42. a6 Rg3+ 43. Kf2 Rg8 44. a7 Ra8 45. Ra5 h4 46. b5
h3 47. b6 Rc8 48. a8=Q Rc2+ 49. Kg1 {Normal} 1-0

[Event "Rated Blitz tournament pWrU7Hfx"]
[Site "?"]
[Date "2021.10.19"]
[Round "?"]
[White "JCPenney"]
[Black "chesswhite1990"]
[Result "1-0"]
[WhiteElo "2643"]
[BlackElo "2226"]
[PlyCount "25"]
[EventDate "2021.??.??"]
[EventType "blitz"]

1. e4 e5 2. Nf3 d5 3. Nxe5 Qe7 4. d4 f6 5. Nf3 dxe4 6. Nfd2 Nc6 7. Nb3 Bd7 8.
Nc3 O-O-O 9. Bf4 b6 10. Bxc7 Bg4 11. Bxd8 Bxd1 12. Bxe7 Ngxe7 13. Rxd1 {Normal}
1-0

[Event "Rated Blitz game"]
[Site "?"]
[Date "2021.10.19"]
[Round "?"]
[White "VinzentSpitzl"]
[Black "Annali-annaliew1979"]
[Result "1-0"]
[WhiteElo "2597"]
[BlackElo "2446"]
[PlyCount "55"]
[EventDate "2021.??.??"]
[EventType "blitz"]

1. e4 e5 2. Nf3 d5 3. exd5 e4 4. Ne5 Bd6 5. Nc4 Nf6 6. Nc3 h6 7. d3 O-O 8. dxe4
Nxe4 9. Nxe4 Re8 10. Be2 Rxe4 11. O-O Rh4 12. Nxd6 Qxd6 13. g3 Re4 14. Bf3 Re8
15. Bf4 Qb6 16. Re1 Rd8 17. Re7 Na6 18. d6 cxd6 19. Qd5 Be6 20. Rxe6 fxe6 21.
Qxe6+ Kh8 22. Bxh6 d5 23. Bxg7+ Kxg7 24. Qe7+ Kg8 25. Re1 Rd6 26. Qg5+ Kf8 27.
Bxd5 Rf6 28. Qg8# {Normal} 1-0

[Event "Rated Blitz game"]
[Site "?"]
[Date "2021.10.19"]
[Round "?"]
[White "ivan1414"]
[Black "khalid_ontawar"]
[Result "0-1"]
[WhiteElo "2482"]
[BlackElo "2484"]
[PlyCount "126"]
[EventDate "2021.??.??"]
[EventType "blitz"]

1. e4 e5 2. Nf3 d5 3. exd5 e4 4. Ne5 Qxd5 5. d4 exd3 6. Nxd3 Qe6+ 7. Qe2 Bd6 8.
Nc3 Nf6 9. Nf4 Qxe2+ 10. Bxe2 O-O 11. O-O Bf5 12. Bd3 Bxd3 13. Nxd3 Nc6 14. Bg5
Rfe8 15. Bxf6 gxf6 16. Nd5 Kg7 17. Rfe1 Ne5 18. Nxe5 fxe5 19. f3 Rad8 20. Kf1
Rd7 21. Ne3 Kg6 22. Rad1 Red8 23. Nc4 f6 24. Rd3 b5 25. Ne3 Bc5 26. Rxd7 Rxd7
27. Ke2 Bxe3 28. Kxe3 Kf5 29. g4+ Ke6 30. c3 c5 31. h3 c4 32. Re2 Rd3+ 33. Kf2
a5 34. Re3 Rd1 35. Re1 Rd2+ 36. Re2 Rd8 37. Ke3 b4 38. cxb4 axb4 39. Rd2 Ra8
40. b3 c3 41. Rc2 Kd5 42. Kd3 h6 43. h4 Rd8 44. a3 Kc5+ 45. Ke3 bxa3 46. Rxc3+
Kb4 47. Rc7 Ra8 48. Ke4 a2 49. Rc1 a1=Q 50. Rxa1 Rxa1 51. Kf5 Ra6 52. Kg6 Kxb3
53. Kxh6 f5+ 54. Kg5 e4 55. fxe4 fxe4 56. Kf4 Re6 57. Ke3 Kc4 58. g5 Kd5 59. h5
Re5 60. Kf4 e3 61. g6 e2 62. g7 Re8 63. h6 e1=Q {Normal} 0-1

[Event "Rated Blitz game"]
[Site "?"]
[Date "2021.10.19"]
[Round "?"]
[White "GajahBKD"]
[Black "jeruchess"]
[Result "1-0"]
[WhiteElo "2407"]
[BlackElo "2399"]
[PlyCount "41"]
[EventDate "2021.??.??"]
[EventType "blitz"]

1. e4 e5 2. Nf3 d5 3. exd5 e4 4. Nd4 Qxd5 5. Nb3 Qe5 6. Be2 Bd6 7. d4 exd3 8.
cxd3 Nf6 9. d4 Qe7 10. O-O O-O 11. Nc3 Bf5 12. Bg5 h6 13. Nd5 Qe4 14. Nxf6+
gxf6 15. Bxf6 Qh4 16. Bxh4 Nc6 17. Bg4 Bg6 18. Bf6 Kh7 19. h4 Rg8 20. Qf3 Nb4
21. h5 {Normal} 1-0

[Event "Rated Blitz tournament T4qdSNuR"]
[Site "?"]
[Date "2021.10.19"]
[Round "?"]
[White "Leo_Mirana81"]
[Black "olarovfan"]
[Result "0-1"]
[WhiteElo "2345"]
[BlackElo "2497"]
[PlyCount "98"]
[EventDate "2021.??.??"]
[EventType "blitz"]

1. e4 e5 2. Nf3 d5 3. exd5 e4 4. Nd4 Qxd5 5. Ne2 Bc5 6. Nbc3 Qf5 7. d4 exd3 8.
Qxd3 Bxf2+ 9. Kd1 Qxd3+ 10. cxd3 Bf5 11. Ng3 Bxg3 12. hxg3 Nc6 13. Ke1 O-O-O
14. Ne4 Nb4 15. Kf2 Nxd3+ 16. Bxd3 Rxd3 17. Nc3 Nf6 18. Bf4 Ne4+ 19. Kg1 g5 20.
Nxe4 gxf4 21. Ng5 fxg3 22. Nxf7 Rf8 23. Ne5 Rd2 24. Rf1 Re8 25. Rxf5 Rxe5 26.
Rf8+ Rd8 27. Rxd8+ Kxd8 28. Kf1 h5 29. Rh4 Rf5+ 30. Kg1 Rc5 31. Kf1 Rc2 32.
Rxh5 Rf2+ 33. Kg1 Rxb2 34. Kf1 Rf2+ 35. Ke1 Rxa2 36. Rg5 Rxg2 37. Kf1 Rf2+ 38.
Kg1 Rf3 39. Kg2 Rd3 40. Rg7 b5 41. Rg5 a6 42. Rg6 a5 43. Rg5 c6 44. Rg8+ Kc7
45. Rg7+ Kb6 46. Rg6 a4 47. Rg8 Rb3 48. Rg4 Ka5 49. Rg8 Kb4 {Normal} 0-1

[Event "Rated Blitz game"]
[Site "?"]
[Date "2021.10.19"]
[Round "?"]
[White "yoey03"]
[Black "Ra_gozin"]
[Result "0-1"]
[WhiteElo "2522"]
[BlackElo "2339"]
[PlyCount "92"]
[EventDate "2021.??.??"]
[EventType "blitz"]

1. e4 e5 2. Nf3 d5 3. exd5 e4 4. Qe2 Qe7 5. Nd4 Nf6 6. Nc3 Nbd7 7. d3 exd3 8.
Qxe7+ Bxe7 9. Bxd3 Nb6 10. Bb5+ Bd7 11. Bxd7+ Kxd7 12. Nf5 Nfxd5 13. Nxd5 Nxd5
14. Nxe7 Nxe7 15. Bd2 Rad8 16. Bc3 f6 17. O-O-O+ Ke6 18. Rhe1+ Kf7 19. g4 Nd5
20. Bd2 c6 21. c4 Nc7 22. b3 Ne6 23. Be3 a6 24. Bb6 Rxd1+ 25. Rxd1 Ke7 26. Kc2
Re8 27. Kc3 Kf7 28. Be3 Nf8 29. Kb4 Ng6 30. Rd7+ Re7 31. Rxe7+ Kxe7 32. Kc5 Ne5
33. Kb6 Nxg4 34. Kxb7 Kd7 35. b4 Nxe3 36. fxe3 f5 37. a4 g5 38. a5 f4 39. exf4
gxf4 40. b5 cxb5 41. cxb5 f3 42. bxa6 f2 43. a7 f1=Q 44. a8=Q Qb5+ 45. Ka7
Qxa5+ 46. Kb8 Qc7# {Normal} 0-1

[Event "Rated Blitz game"]
[Site "?"]
[Date "2021.10.19"]
[Round "?"]
[White "minikarpov"]
[Black "Annali-annaliew1979"]
[Result "1-0"]
[WhiteElo "2543"]
[BlackElo "2424"]
[PlyCount "69"]
[EventDate "2021.??.??"]
[EventType "blitz"]

1. e4 e5 2. Nf3 d5 3. exd5 e4 4. Qe2 f5 5. Nc3 Nf6 6. d3 Bb4 7. Bd2 Bxc3 8.
Bxc3 O-O 9. dxe4 Nxe4 10. Bd4 c5 11. Be5 Nd7 12. O-O-O Re8 13. Bf4 Ng3 14.
Qxe8+ Qxe8 15. hxg3 Nf6 16. Bc4 b5 17. Rhe1 Qxe1 18. Rxe1 bxc4 19. d6 Bb7 20.
Re7 Bc6 21. Be5 Nd5 22. Rxg7+ Kf8 23. Rxh7 Re8 24. Rh8+ Kf7 25. Ng5+ Kg6 26.
Rxe8 Bxe8 27. Ne6 Kf7 28. Nxc5 Nb6 29. b3 cxb3 30. axb3 Bc6 31. f3 Nd7 32. Nxd7
Bxd7 33. Kd2 Ke6 34. Bf4 Kd5 35. Kd3 {Normal} 1-0

[Event "Rated Blitz game"]
[Site "?"]
[Date "2021.10.19"]
[Round "?"]
[White "ganilal"]
[Black "sillierchess"]
[Result "0-1"]
[WhiteElo "2360"]
[BlackElo "2451"]
[PlyCount "72"]
[EventDate "2021.??.??"]
[EventType "blitz"]

1. e4 e5 2. Nf3 d5 3. Nc3 dxe4 4. Nxe4 f5 5. Ng3 e4 6. Ne5 Nf6 7. d4 Bd6 8. Nc4
f4 9. Ne2 f3 10. gxf3 exf3 11. Ng3 Qe7+ 12. Be3 Bg4 13. Nxd6+ cxd6 14. Qd2 h5
15. h4 Qe6 16. c4 d5 17. c5 Nc6 18. O-O-O O-O 19. Kb1 b6 20. Bd3 bxc5 21. dxc5
Ne4 22. Nxe4 dxe4 23. Bc2 Kh8 24. Bb3 Qe5 25. Rhe1 Rfd8 26. Qc2 Nb4 27. Rxd8+
Rxd8 28. Qc4 Nd3 29. Qc3 Qxc3 30. bxc3 Nxe1 31. c6 Nd3 32. Kc2 Rc8 33. Bd5 Bf5
34. Bxa7 Ne5 35. c7 Rxc7 36. Bd4 e3+ {Normal} 0-1

[Event "Rated Blitz game"]
[Site "?"]
[Date "2021.10.19"]
[Round "?"]
[White "MrThatNobody"]
[Black "zebreuuu"]
[Result "1-0"]
[WhiteElo "2415"]
[BlackElo "2378"]
[PlyCount "87"]
[EventDate "2021.??.??"]
[EventType "blitz"]

1. e4 e5 2. Nf3 d5 3. d3 dxe4 4. dxe4 Qxd1+ 5. Kxd1 Bd6 6. h3 Nf6 7. Bd3 Nc6 8.
a3 Nh5 9. Be3 Nf4 10. g3 Nxd3 11. cxd3 f5 12. Nc3 f4 13. gxf4 exf4 14. Bd4 Nxd4
15. Nxd4 f3 16. Nxf3 O-O 17. Ke2 Bd7 18. Rag1 Rf7 19. Ng5 Rf4 20. Nd5 Rh4 21.
Nf3 Rh6 22. h4 c6 23. Ne3 Rf8 24. h5 Rhf6 25. h6 g6 26. Nf5 Bxf5 27. exf5 Rxf5
28. Rh3 Rb5 29. b4 a5 30. Nd4 Rd5 31. Rg4 axb4 32. axb4 Bxb4 33. Re4 Bc5 34.
Nf3 Ra8 35. d4 Ra2+ 36. Kf1 Bd6 37. Re8+ Bf8 38. Rh4 Kf7 39. Rb8 Rb2 40. Rf4+
Rf5 41. Ng5+ Ke7 42. Re4+ Kf6 43. Nxh7+ Kf7 44. Rxf8# {Normal} 1-0